000 01061nam a2200301 a 4500
001 vtls000942800
003 NLI
005 20210627091232.0
008 111102s1975 ii b s000 0 eng
039 9 _y201111021736
_zVLOAD
040 _aNLI
_beng
_cDatasoft_IOD
_eAACR2
041 0 _aeng
044 _a ii
082 0 4 _a 338.95451
110 1 _aTamil Nadu (India).
_bDirectorate of Town and Country Planning
_9884928
245 1 0 _aMadurai Region :
_ba draft regional plan /
_cDirectorate of Town and Country Planning, Government of Tamil Nadu
260 _aTrivandrum :
_bDirectorate of Town and Country Planning, Government of Tamil Nadu,
_c1975
300 _aiv, 161 p. :
_bmaps ;
_c31 cm.
650 0 _aEconomic development
_zIndia
_zTamil Nadu
651 0 _aTamil Nadu (India)
_xEconomic policy
651 0 _aTamil Nadu (India)
_xEconomic conditions
_9884772
887 _a
901 _a85819 date
_b09.02.1978
901 _a85808 date
_b09.02.1978
_9summary
902 _aGP 338.95451 T 152 md
999 _aVIRTUA40
_c763533
_d763533
942 _2ddc
_cBKS